|
|
|
|
| LEADER |
00000nam a2200000 a 4500 |
| 001 |
vtls001300671 |
| 003 |
SK-MaSNL |
| 005 |
20260301195852.0 |
| 008 |
250312s1967 xo slo |
| 035 |
|
|
|a SNK000252671
|
| 035 |
|
|
|a urn:nbn:sk:snk-amye4u
|
| 035 |
|
|
|a urn:nbn:sk:snk-am00cg6t
|
| 035 |
|
|
|a 25DFB969-17C2-4B2A-AF9E-B95F66C236FD
|
| 040 |
|
|
|a SNK
|b slo
|c SNK
|e AACR2
|
| 041 |
|
|
|a slo
|
| 044 |
|
|
|a xo
|c SK
|
| 100 |
1 |
|
|a Buffa, Ferdinand,
|d 1926-2012
|4 aut
|9 99943
|
| 245 |
1 |
0 |
|a Gramatika spisovnej Poľštiny
|n 2
|c F. Buffa
|
| 260 |
|
|
|a Bratislava
|b Slovenské pedagogické nakladateľstvo
|c 1967
|
| 300 |
|
|
|a 188 s.
|
| 650 |
0 |
7 |
|a poľština
|2 SNKPH
|9 1349
|
| 655 |
|
7 |
|a učebnice
|2 SNKPH
|9 22521
|
| 852 |
|
|
|a Slovenská národná knižnica
|
| 958 |
|
|
|a OND
|
| 999 |
|
|
|c 887887
|d 889817
|
| 952 |
|
|
|t P60, <04>, [BOOK], {604}
|a SNK
|b SNK
|y VYP
|7 0
|p 17A0091604
|o snkSD 25473/2 D1
|0 0
|1 0
|4 0
|d 1997-08-28
|l 0
|r 2005-01-02 00:00:00
|w 2026-02-24
|
| 952 |
|
|
|a SNK
|b SNK
|y PREZ
|7 0
|p 17A0559191
|o snkSD 25473/2
|i snkKSP 1337/67
|0 0
|1 0
|4 0
|d 2007-08-16
|f 1
|l 0
|r 2026-02-24 06:35:40
|w 2026-02-24
|